Click the U.S. State on a Map by Picture - Statistics

General Stats
  • This quiz has been taken 34 times
  • The average score is 14 of 50
Answers on the Map
Answers color-coded by a green-red scale on the quiz's map according to % correct below.
 
Answer Stats
Answer % Correct
65%
65%
54%
54%
50%
50%
50%
50%
50%
50%
42%
42%
42%
42%
38%
38%
35%
35%
35%
35%
31%
31%
31%
27%
27%
27%
27%
27%
23%
23%
19%
15%
15%
15%
15%
15%
15%
12%
12%
12%
12%
12%
8%
8%
8%
8%
8%
8%
4%
4%
No matching quizzes found
Score Distribution
Percent of People with Each Score
Percentile by Number Answered
Your Score History
You have not taken this quiz